Milwaukee Brewers Managers by Picture - Statistics

General Stats
  • This quiz has been taken 31 times
  • The average score is 7 of 20
Answer Stats
Picture Hint Answer % Correct
2015-2023 Craig Counsell
93%
2024-Present Pat Murphy
67%
1975 | 1982-1983 Harvey Kuenn
59%
2008 Dale Sveum
56%
2003-2008 Ned Yost
56%
1992-1999 Phil Garner
56%
1978-1980 | 1985-1986 George Bamberger
48%
2011-2015 Ron Roenicke
41%
2000-2002 Davey Lopes
37%
2009-2010 Ken Macha
33%
1986-1991 Tom Trebelhorn
30%
1980-1982 Buck Rodgers
22%
1972-1975 Del Crandall
22%
1984 Rene Lachemann
22%
1969 Joe Schultz
19%
1970-1972 Dave Bristol
15%
2002 Jerry Royster
15%
1999 Jim Lefebvre
11%
1972 Roy McMillan
11%
1976-1977 Alex Grammas
7%
No matching quizzes found
Score Distribution
Percent of People with Each Score
Percentile by Number Answered
Your Score History
You have not taken this quiz